| 000 | 00507nam a22001577a 4500 | ||
|---|---|---|---|
| 005 | 20240718134550.0 | ||
| 008 | 240718b |||||||| |||| 00| 0 eng d | ||
| 041 | _aEnglish | ||
| 082 | _a349 SOU | ||
| 100 | _lEnglish | ||
| 245 |
_aSouth African Law Reports : _bwith which are amalgamated The All South Africa Law Reports |
||
| 260 |
_aCape Town : _bJuta and Company Ltd, _c1971 |
||
| 300 |
_bxv, 911 pages; _c26 cm. |
||
| 650 |
_aLegal practice _bLaw |
||
| 942 |
_cBK _6ALISON_BN_VRIES |
||
| 999 |
_c2185 _d2185 |
||